Maritime logistics : a guide to contemporary shipping and port management / (Record no. 3105)

000 -LEADER
fixed length control field 00752nam a2200265 a 4500
006 - FIXED-LENGTH DATA ELEMENTS--ADDITIONAL MATERIAL CHARACTERISTICS--GENERAL INFORMATION
fixed length control field a||||gr|||| 001 0
007 - PHYSICAL DESCRIPTION FIXED FIELD--GENERAL INFORMATION
fixed length control field ta
008 - FIXED-LENGTH DATA ELEMENTS--GENERAL INFORMATION
fixed length control field 190805s2022||||xxka|||gr|||||||1 ||eng|d
020 ## - INTERNATIONAL STANDARD BOOK NUMBER
International Standard Book Number 9781789661699
Terms of availability $ 72
040 ## - CATALOGING SOURCE
Original cataloging agency IMU Kochi Library
Language of cataloging eng
041 0# - LANGUAGE CODE
Language code of text/sound track or separate title eng
044 ## - COUNTRY OF PUBLISHING/PRODUCING ENTITY CODE
MARC country code United Kingdom
082 04 - DEWEY DECIMAL CLASSIFICATION NUMBER
Classification number 387.0687
Item number So581
Edition number 23
245 00 - TITLE STATEMENT
Title Maritime logistics : a guide to contemporary shipping and port management /
250 ## - EDITION STATEMENT
Edition statement 3rd ed.
260 ## - PUBLICATION, DISTRIBUTION, ETC. (IMPRINT)
Place of publication, distribution, etc London :
Name of publisher, distributor, etc Kogan Page,
Date of publication, distribution, etc 2022
300 ## - PHYSICAL DESCRIPTION
Extent xxxiii, 502 p. :
Other physical details ill. ;
Dimensions 24 cm.
650 #0 - SUBJECT ADDED ENTRY--TOPICAL TERM
Topical term or geographic name as entry element Maritime logistics
700 1# - ADDED ENTRY--PERSONAL NAME
Personal name Song, Dong-Wook
Relator term Editor
700 1# - ADDED ENTRY--PERSONAL NAME
Personal name Panayides, Photis M.
Relator term Editor
852 ## - LOCATION/CALL NUMBER
Location IMU Kochi Library
904 ## - LOCAL DATA ELEMENT D, LDD (RLIN)
CATALOGER Rudra Ranjan
905 ## - LOCAL DATA ELEMENT E, LDE (RLIN)
VERIFIER Rudra Ranjan
942 ## - ADDED ENTRY ELEMENTS (KOHA)
Item type Books
Holdings
Withdrawn status Lost status Source of classification or shelving scheme Damaged status Not for loan Collection code Permanent location Current location Shelving location Date acquired Source of acquisition Cost, normal purchase price Full call number Barcode Date last seen Koha item type Total Checkouts Date last borrowed
          Management Studies IMU Kochi Library IMU Kochi Library General Stacks 2025-01-29 M/s Technical Bureau India Pvt Ltd. (Inv. No. TB3603 Dt. 21-01-2025) 6228.72 387.0687 So581 BK006785 2025-01-29 Books    
          Management Studies IMU Kochi Library IMU Kochi Library General Stacks 2025-01-29 M/s Technical Bureau India Pvt Ltd. (Inv. No. TB3603 Dt. 21-01-2025) 6228.72 387.0687 So581 BK006786 2025-01-29 Books    
          Management Studies IMU Kochi Library IMU Kochi Library General Stacks 2025-01-29 M/s Technical Bureau India Pvt Ltd. (Inv. No. TB3603 Dt. 21-01-2025) 6228.72 387.0687 So581 BK006787 2025-01-29 Books    
          Management Studies IMU Kochi Library IMU Kochi Library General Stacks 2025-01-29 M/s Technical Bureau India Pvt Ltd. (Inv. No. TB3603 Dt. 21-01-2025) 6228.72 387.0687 So581 BK006788 2025-01-29 Books    
          Management Studies IMU Kochi Library IMU Kochi Library General Stacks 2025-01-29 M/s Technical Bureau India Pvt Ltd. (Inv. No. TB3603 Dt. 21-01-2025) 6228.72 387.0687 So581 BK006789 2025-01-29 Books    
          Management Studies IMU Kochi Library IMU Kochi Library General Stacks 2025-01-29 M/s Technical Bureau India Pvt Ltd. (Inv. No. TB3603 Dt. 21-01-2025) 6228.72 387.0687 So581 BK006790 2026-03-25 Books 2 2026-03-12
          Management Studies IMU Kochi Library IMU Kochi Library General Stacks 2025-01-29 M/s Technical Bureau India Pvt Ltd. (Inv. No. TB3603 Dt. 21-01-2025) 6228.72 387.0687 So581 BK006791 2025-03-24 Books 1 2025-03-24
          Management Studies IMU Kochi Library IMU Kochi Library General Stacks 2025-01-29 M/s Technical Bureau India Pvt Ltd. (Inv. No. TB3603 Dt. 21-01-2025) 6228.72 387.0687 So581 BK006792 2025-12-12 Books 1 2025-12-10
          Management Studies IMU Kochi Library IMU Kochi Library General Stacks 2025-12-02 M/s Technical Bureau India pvt ltd.(Inv. no. TB2248 dated 14.11.2025) 6656.00 387.0687 So581 BK007724 2025-12-03 Reference book    


Copyright © All Rights Reserved by Indian Maritime University, Kochi Campus.
For any Suggestions/Query Contact to library or Email: library.kochi@imu.ac.in Ph:(0484)-2989402
(Web OPAC Designed by Rudra Ranjan. Maintained by IMU Kochi Library)

Powered by Koha